Roue de la fortune - Mort subite #6 - Statistiques

Statistiques générales
  • Ce quiz a été pris 319 fois
  • Le résultat moyen est 11 sur 16
Statistiques - réponses
% Correct
E
97%
E
97%
E
97%
A
85%
L
76%
L
76%
T
67%
T
67%
T
67%
I
66%
R
56%
R
56%
R
56%
U
50%
B
46%
F
36%
Aucun quiz correspondant
Distribution des résultats
% des personnes avec chaque résultat
Percentile par nombre de réponses
Votre historique - résultats
Vous n’avez pas pris ce quiz